| 000 | 00472nam a2200193Ia 4500 | ||
|---|---|---|---|
| 008 | 170918s9999 xx 000 0 und d | ||
| 020 | _a9780064431781 | ||
| 050 | _bS474 1963 | ||
| 100 | _aSendak, Maurice | ||
| 245 | _aWhere the wild things are / | ||
| 245 | _cMaurice Sendak. | ||
| 260 | _aNew York : | ||
| 260 | _bHarper Collins Publishers, | ||
| 260 | _c1963 | ||
| 300 | _aunpaged : | ||
| 300 | _bcolored illustration ; | ||
| 300 | _c23cm. | ||
| 500 | _a740 | ||
| 999 |
_c341957 _d341957 |
||